| 000 | 00644nam a22001457a 4500 | ||
|---|---|---|---|
| 020 | _a9788-9-351-03687-6 | ||
| 082 |
_a823 _bSTI/M |
||
| 100 | _aSTILTON, THEA | ||
| 245 |
_aA MOUSEFORD MUSICAL _bHOUSEFORD ACADEMY |
||
| 260 |
_aNEW YORK _bSCHOLASTIC INC _c2015 |
||
| 300 | _a105 | ||
| 520 | _aThere's going to be a musical at Mouseford, and the students can't stop squeaking about it! Everyone wants a role, but the auditions won't be easy, and sneaky Ruby Flashyfur has some tricks up her sleeve. Will the Thea Sisters come out on top, or will they be singing a different tune when the auditions are over? | ||
| 650 | _aSHORT STORY | ||
| 942 | _cBK | ||
| 999 |
_c6201 _d6201 |
||